[Event "San Jose Metropolitano op-B 45th"]
[Site "San Jose"]
[Date "2024.12.26"]
[Round "1"]
[White "Calderon Quesada, Roberto Carlos"]
[Black "Ramirez Ordonez, Brandon Adrian"]
[Result "0-1"]
[WhiteElo "1791"]
[BlackElo "1436"]
[PlyCount "50"]
[EventDate "2024.12.26"]
[EventType "tourn"]
[EventRounds "9"]
[EventCountry "CRI"]
[SourceTitle "CB02_2025"]
[SourceDate "2025.01.08"]
[SourceVersion "1"]
[SourceVersionDate "2025.01.08"]
[SourceQuality "1"]

1. Nf3 c6 2. d4 e6 3. e3 d5 4. b3 f5 5. Be2 Nf6 6. 0-0 Bd6 7. Bb2 0-0 8. c4 Bd7 9. Nc3 Be8 10. Rc1 Nbd7 11. cxd5 exd5 12. Nd2 Qe7 13. Re1 Ne4 14. Ndxe4 fxe4 15. f4 exf3 16. Bxf3 Qh4 17. g3 Bxg3 18. hxg3 Qxg3+ 19. Bg2 Rf2 20. Qf3 Rxf3 21. Ne2 Qf2+ 22. Kh2 Rxe3 23. Ba3 Rxe2 24. Rxe2 Qxe2 25. Rf1 Bg6 0-1